[Event "Ankara Baskent Univ op-B 3rd"]
[Site "Ankara"]
[Date "2018.08.29"]
[Round "4"]
[White "Sinay, Ahmet"]
[Black "Bakir, Ekrem"]
[Result "1-0"]
[WhiteElo "1512"]
[BlackElo "1655"]
[PlyCount "95"]
[EventDate "2018.08.27"]
[EventType "swiss"]
[EventRounds "9"]
[EventCountry "TUR"]
[SourceTitle "EXT 2021"]
[Source "ChessBase"]
[SourceDate "2020.10.23"]
[SourceVersion "1"]
[SourceVersionDate "2020.10.23"]
[SourceQuality "1"]

1. e4 c5 2. c3 e6 3. d4 cxd4 4. cxd4 Nc6 5. Nf3 h6 6. Nc3 d5 7. e5 Bb4 8. Bd3 Nge7 9. 0-0 Bd7 10. Ne2 a6 11. Bd2 Rc8 12. Rc1 Qa5 13. a3 Bxd2 14. Nxd2 Na7 15. Rxc8+ Nexc8 16. Nc3 Nc6 17. Nb3 Qc7 18. Qg4 0-0 19. Re1 N8e7 20. Bc2 b6 21. Re3 f5 22. Qh5 Be8 23. Qh3 Ng6 24. Rg3 Kh8 25. Bb1 Nce7 26. Rf3 Qc4 27. Ba2 Bf7 28. g3 a5 29. Qf1 Be8 30. a4 Nc6 31. Qd1 Bf7 32. Nxa5 Qxd4 33. Nxc6 Qc5 34. Nd4 Nxe5 35. Re3 Ng4 36. Re2 Re8 37. Rc2 Qe7 38. Ncb5 Rd8 39. Nc6 Qg5 40. Nxd8 Qxd8 41. Rc7 Qf6 42. Qd4 e5 43. Qb4 Bh5 44. Bxd5 f4 45. Rc8+ Kh7 46. Bg8+ Kg6 47. Qe4+ Qf5 48. Bh7+ 1-0